00559nam a22001817a 450000500170000001000140001702000260003102000150005703500130007203700130008508200110009824500960010926000450020527000500025030000270030070000200032770000300034720100726142925.0 aENG-96822 a9780198062462c345.00 a019806246X aEN-80355 bDBAD/PUB a181.41 aThe oxford India Hinduism reader /cedited by Vasudha Dalmia [and] Heinrich Von Stietencron aNew Delhiboxford university pressc2009 aYMCA Library Building, Jai Singh Roade110001 avi, 397 pc20 cm (pbk) aDalmia, Vasudha aStietencron, Heinrich Von